000 00682nam a2200253Ia 4500
003 OSt
005 20220925183050.0
006 a|||||r|||| 00| 0
007 ta
008 220923b |||||||| |||| 00| 0 eng d
020 _a0521538548
037 _cGeneral Book
040 _aRTL
_cRTL
_beng
041 _2eng
_aeng
082 _aY9 (W6), P5
100 _aMann Michael
_925558
245 0 _aDark side of democracy
260 _aDelhi
_bCambrigde University Press India
_c2005
300 _ax, 580p
_ccm.
650 _a Democracy
_920451
650 _aPolitical Sociology
942 _hY9 (W6), P5
_cGB
_2CC
999 _c503850
_d503850